000 01205nam0a22003011 4500
001 v19\rc\1443177
005 20260407104511.0
035 _a(NLR Aleph) 004585691
090 _a2589402
_c2589402
100 _a20060620d1871 |||y0rusy50 ca
101 0 _arus
102 _aRU
105 _ay j |||||
200 1 _aПреобразование духовно-учебных заведений Кишиневской епархии
_e(В 1868 г.)
_e[Отчет]
_f[Чл.-ревизор Учеб. ком. при Святейшем синоде коллеж. советник С. Керский]
210 _a[Кишинев
_d1871]
215 _a64 с.
_d25
300 _aСост. указан в конце текста
309 _aБез тит. л. и обл.
702 1 _aКерский
_bС.В.
_f1831-1903
_gСергей Васильевич
_4220
710 0 1 _aРоссия
_bСинод
_bУчебный комитет
_3RU\NLR\AUTH\889934472
_9364021
712 0 2 _aКишиневская епархия
801 0 _aRU
_bNLR
_gpsbo
801 0 _aRU
_bRuMoRGB
_2psbo
801 1 _aRU
_bProSoft-M
_2rusmarc
852 _aNLR
_j18.98.7.373
899 _aRuMoRGB
_jE 83/825
942 _cBOOK
980 _aNB